| 000 | 00458nam a2200181Ia 4500 | ||
|---|---|---|---|
| 008 | 210210b2020 xxu||||| |||| 00| 0 eng d | ||
| 020 | _a817648816X | ||
| 041 | _aeng | ||
| 082 | _a152 MAHP | ||
| 100 | _aMAHMUD (Jafar) | ||
| 245 | _aPhysiological psychology | ||
| 260 |
_aNew Delhi _bA P H Publishing Corporation _c2020 |
||
| 300 | _ax,285 | ||
| 650 | _apsychology | ||
| 650 | _aPhysiological | ||
| 690 | _aPhysiological Psychology | ||
| 906 | _a074121 | ||
| 999 |
_c123947 _d123947 |
||